| 000 | 00380nam a2200169Ia 4500 | ||
|---|---|---|---|
| 100 | _aTse/David/ Viswanath/P | ||
| 650 | _aWireless communication | ||
| 942 | _cBK | ||
| 366 | _f25 | ||
| 654 | _awireless | ||
| 245 | _aFundamentals of wireless communication | ||
| 260 |
_bCambrideg _c2005 |
||
| 082 |
_a621.382 _bTSE |
||
| 300 | _a457 | ||
| 546 |
_aENGLISH _cTTL |
||
| 999 |
_c22569 _d22569 |
||